Villes françaises qui contiennent le mot "sur" (mort subite) - Statistiques

Statistiques générales
  • Ce quiz a été pris 106 fois
  • Le résultat moyen est 15 sur 17
Answers on the Grid
Answers color-coded by a green-red scale on the quiz's grid according to % correct below.
Enghien- -Bains
Bar- -Seine
Banyuls- -Mer
Beaulieu- -Mer
Argelès- -Mer
Auvers- -Oise
Ablon- -Seine
Boulogne- -Mer
Fontenay- -Roses
Bonneuil- -Marne
Argenton- -Creuse
Asnières- -Seine
Carrières- -Seine
Saint-Maur- -Fossés
Champigny- -Marne
Bry - - Marne
Cagnes- -Mer
Chalon - -Saône
Neuilly - - Seine
La Roche- -yon
 
Statistiques - réponses
Réponse % Correct
Argelès- -Mer
98%
Boulogne- -Mer
97%
Neuilly - - Seine
92%
Banyuls- -Mer
91%
Cagnes- -Mer
91%
La Roche- -yon
91%
Asnières- -Seine
90%
Beaulieu- -Mer
90%
Chalon - -Saône
90%
Bar- -Seine
87%
Champigny- -Marne
87%
Auvers- -Oise
86%
Bry - - Marne
84%
Ablon- -Seine
83%
Bonneuil- -Marne
81%
Carrières- -Seine
80%
Argenton- -Creuse
76%
Aucun quiz correspondant
Distribution des résultats
% des personnes avec chaque résultat
Percentile par nombre de réponses
Votre historique - résultats
Vous n’avez pas pris ce quiz